20th and 21st Century Popes Quiz Stats

 Plays Quiz Updated Aug 13, 2016

Challenge
Share
Tweet
Embed
Score 0/11 Timer 05:00
4 Plays Today
Year Pope % Correct
1978-2005John Paul II
95.4%
2013-presentFrancis
94.5%
1978John Paul I
93.5%
2005-2013Benedict XVI
84.4%
1914-1922Benedict XV
75.3%
1958-1963John XXIII
69.7%
1963-1978Paul VI
66.4%
1903-1914Pius X
65.7%
1922-1939Pius XI
64%
1939-1958Pius XII
63.1%
1878-1903Leo XIII
38.6%

You're not logged in!

Compare scores with friends on all Sporcle quizzes.
OR
Log In

You Might Also Like...

Show Comments

Extras

Top Quizzes Today


Score Distribution

Your Account Isn't Verified!

In order to create a playlist on Sporcle, you need to verify the email address you used during registration. Go to your Sporcle Settings to finish the process.

Report this User

Report this user for behavior that violates our Community Guidelines.

Details: